New Zealand Birds - Statistics

General Stats
  • This quiz has been taken 81 times
  • The average score is 11 of 16
Answer Stats
Picture Answer % Correct
Kiwi
100%
Kākā
93%
Pīwakawaka
91%
Tūī
91%
Kākāpō
89%
Kea
89%
Takahē
82%
Pūkeko
81%
Kererū
75%
Ruru
75%
Weka
68%
Kōkako
65%
Korimako
42%
Hihi
33%
Parekareka
33%
Riroriro
25%
No matching quizzes found
Score Distribution
Percent of People with Each Score
Percentile by Number Answered
Your Score History
You have not taken this quiz